La representación externa en la resolución de un problema de física : ¿una cuestión de forma o una cuestión de fondo? /

El presente trabajo intenta estudiar el efecto representacional en el ámbito de la resolución de problemas de Física. Para ello se aplica en análisis representacional de tareas cognitivas distribuidas, desarrollado por Zhang y Norman (1994), a una tarea de resolución de un problema de Física. El aná...

Descripción completa

Detalles Bibliográficos
Autor principal: Buteler, Laura
Otros Autores: Gangoso, Zulma
Formato: Libro
Lenguaje:inglés

MARC

LEADER 00000cam a2200000 a 4500
001 029051
003 UAHC_CL
005 20170803123027.0
008 051226b xx j 000 1 eng
040 |a UAHC_CL  |c UAHC_CL  |d UAHC_CL 
100 1 |a Buteler, Laura 
245 1 3 |a La representación externa en la resolución de un problema de física :  |b ¿una cuestión de forma o una cuestión de fondo? /  |c Laura Buteler, Zulma Gangoso. 
500 |a Cognitiva (España) 2003. vol 15 (1) 51-66 
520 |a El presente trabajo intenta estudiar el efecto representacional en el ámbito de la resolución de problemas de Física. Para ello se aplica en análisis representacional de tareas cognitivas distribuidas, desarrollado por Zhang y Norman (1994), a una tarea de resolución de un problema de Física. El análisis representacional consiste en estudiar las propiedades representacionales de una tarea, identificando cuales son representadas externamente y cuales internamente. Esta metodología de analisis se aplica a dos enunciados (versiones) versiones de un mismo problema y se analizan las verbalizaciones de un grupo de sujetos instruidos formalmente en Física cuando son enfrentados ante dichos enunciados. Los resultados sugieren que las propiedades representacionales de una tarea (un problema de Física en este caso), están relacionadas con el proceso de solución.\Palabras clave: Resolución de problemas en Física, representaciones externas, percepción, representaciones internas, cognición. 
700 1 |a Gangoso, Zulma 
900 |a COGNITIVA 01/03 
942 |c BK 
999 |c 29051  |d 29051